|
|
|
|
| LEADER |
01212nam a2200313 a 4500 |
| 001 |
4073 |
| 003 |
BD-DhAAL |
| 005 |
20150524111251.0 |
| 008 |
150524s2001 maua 001 0 eng |
| 010 |
|
|
|a 00040822
|
| 020 |
|
|
|a 0838412688 (bk. 1 : pbk. : alk. paper)
|
| 020 |
|
|
|a 083841270X (bk. 2 : pbk. : alk. paper)
|
| 020 |
|
|
|a 0838412726 (bk. 3 : pbk. : alk. paper)
|
| 040 |
|
|
|a DLC
|c DLC
|d DLC
|d BD-DhAAL
|
| 050 |
0 |
0 |
|a PE1112
|b .E364 2001
|
| 082 |
0 |
0 |
|a 428.2/4
|2 21
|
| 100 |
1 |
|
|a Elbaum, Sandra N.
|9 11361
|
| 245 |
1 |
0 |
|a Grammar in context /
|c Sandra N. Elbaum.
|
| 250 |
|
|
|a 3rd ed.
|
| 260 |
|
|
|a Boston, MA :
|b Heinle & Heinle,
|c c2001.
|
| 300 |
|
|
|a 3 v. :
|b ill. ;
|c 28 cm.
|
| 500 |
|
|
|a Includes index.
|
| 541 |
|
|
|e 4073
|
| 650 |
|
0 |
|a English language
|x Grammar
|v Problems, exercises, etc.
|9 11362
|
| 650 |
|
0 |
|a English language
|v Textbooks for foreign speakers.
|9 5579
|
| 942 |
|
|
|2 ddc
|c BK
|
| 999 |
|
|
|c 34505
|d 34505
|
| 952 |
|
|
|0 0
|1 0
|2 ddc
|4 0
|6 428_240000000000000_ELB
|7 0
|9 53859
|a SCL
|b SCL
|c GEN
|d 2015-05-24
|l 0
|o 428.24 ELB
|p 3020004073
|r 2015-05-24
|t 1
|w 2015-05-24
|y BK
|
| 952 |
|
|
|0 0
|1 0
|2 ddc
|4 0
|6 428_200000000000000_4_ELB
|7 0
|9 58958
|a SCL
|b SCL
|c GEN
|d 2016-05-09
|l 0
|o 428.24 ELB
|p 3020004070
|r 2016-05-09
|t 2
|w 2016-05-09
|y BK
|